|
|
|
|
| LEADER |
00750nab a2200193 i 4500 |
| 001 |
misc73426 |
| 005 |
20241018122011.0 |
| 008 |
241018s1950 hu o 000 eng d |
| 040 |
|
|
|a SZTE Miscellanea Repozitórium
|b hun
|
| 041 |
|
|
|a eng
|
| 100 |
1 |
|
|a Sarkar Nirmal K.
|
| 245 |
1 |
0 |
|a Adenosintriphosphatase activity of the glycerol extracted muscle fibres
|h [elektronikus dokumentum] /
|c Sarkar Nirmal K.
|
| 260 |
|
|
|a Dr. W. Junk
|b Den Haag
|c 1950-11-15
|
| 300 |
|
|
|a 267-271
|
| 490 |
0 |
|
|a Enzymologia : Acta Biocatalytica
|v 14 No. 4
|
| 561 |
|
|
|a Szent-Györgyi Albert munkatársainak publikációi
|
| 700 |
0 |
2 |
|a Szent-Györgyi Andrew G.
|e aut
|
| 700 |
0 |
2 |
|a Varga Leslie
|e aut
|
| 856 |
4 |
0 |
|u http://misc.bibl.u-szeged.hu/73426/1/szgya_amerikai_032.pdf
|z Dokumentum-elérés
|